Penswastaan dan implikasinya terhadap kecekapan peruntukan sumber-sumber : kajian kes Keretapi Tanah Melayu Berhad (KTMB) /
Saved in:
| Main Author: | |
|---|---|
| Format: | Thesis Book |
| Language: | Malay |
| Published: |
1996.
|
| Subjects: | |
| Online Access: | http://studentsrepo.um.edu.my/id/eprint/768 |
| Tags: |
Add Tag
No Tags, Be the first to tag this record!
|
| LEADER | 01197cam a2200301 4500 | ||
|---|---|---|---|
| 001 | u427675 | ||
| 003 | SIRSI | ||
| 008 | 870316s1996 my a t 00 1 may m | ||
| 035 | |a ACF-5755 | ||
| 040 | |a UMM | ||
| 043 | |a a-my--- | ||
| 090 | |a HD2902.6 |b Musd | ||
| 091 | |a Microfiche 14780 | ||
| 100 | 0 | 0 | |a Mustafa Dakian. |
| 245 | 1 | 0 | |a Penswastaan dan implikasinya terhadap kecekapan peruntukan sumber-sumber : |b kajian kes Keretapi Tanah Melayu Berhad (KTMB) / |c Mustafa bin Dakian. |
| 260 | |c 1996. | ||
| 300 | |a xii, 250 leaves : |b ill. ; |c 29cm | ||
| 500 | |a Microfiche. Kuala Lumpur : University of Malaya Library, 2000. 3 fiches : negative ; 11 x 15 cm. | ||
| 502 | |a Dissertation (M.Ec.) - Fakulti Ekonomi dan Pentadbiran, Universiti Malaya, 1996. | ||
| 504 | |a Includes bibliographical references. | ||
| 610 | 2 | 0 | |a Keretapi Tanah Melayu |
| 650 | 0 | |a Privatization |z Malaysia | |
| 650 | 0 | |a Railroads |z Malaysia. | |
| 710 | 2 | 0 | |a Universiti Malaya. |b Fakulti Ekonomi dan Pentadbiran. |
| 856 | 4 | 1 | |u http://studentsrepo.um.edu.my/id/eprint/768 |
| 948 | |a 10/08/1998 |b 30/05/2002 | ||
| 596 | |a 1 | ||
| 999 | |a HD2902.6 MUSD |w LC |c 1 |i A507733233 |d 22/12/2015 |e 22/12/2015 |l STACKS |m P01UTAMA |n 49 |r Y |s Y |t TESIS |u 6/10/1998 | ||
